| 000 | 00931nam a2200265 i 4500 | ||
|---|---|---|---|
| 001 | 9676 | ||
| 003 | ES-MaACL | ||
| 005 | 20250803014906.0 | ||
| 007 | t| | ||
| 008 | 931124s1993 sp |||| | spa d | ||
| 020 | _a84-604-7180-2 | ||
| 080 | _a308(46) | ||
| 111 | 2 |
_aJornadas sobre España 1993 ( _n1ª. _d1993. _cMadrid) _9864 |
|
| 245 | 1 | 0 |
_aI Jornadas sobre España 1993 _b: hacia una sociedad vertebrada. |
| 260 |
_a[Madrid] : _bFundación Independiente, _cD.L. 1993. |
||
| 300 |
_a76 p. ; _c22 cm. |
||
| 490 | 1 |
_aCuadernos de sociedad ; _v1 |
|
| 594 | _aJornadas celebradas los días 11 y 12 de junio de 1993 en el Ateneo de Madrid. | ||
| 650 | 4 |
_aEstructura social- _zEspaña- _vCongresos y asambleas. _9168335 |
|
| 710 | 2 |
_aFundación Independiente (Madrid) _94325 |
|
| 710 | 2 |
_aAteneo de Madrid. _91875 |
|
| 830 | 0 |
_aCuadernos de sociedad ; _v1 _9179224 |
|
| 852 |
_aES-MaACL _jL-17085 |
||
| 999 |
_c9676 _d9676 |
||